00953 2200181 4500001002100000005001500021035002000036245007000056100001900126250001700145300003400162260003100196082000800227084001400235020002200249650001500271520048500286INLIS00000000000000220240318075707 a0010-03240000021 aAbu Nawas :bKumpulan Dongeng Cerdik dan Jenaka /cSayidah Rohmah0 aSayidah Rohmah acetakan ke-1 avii, 160 hlm :bilus ;c24 cm aSolo :bTiga Ananda,c2017 a813 a813 SAY a a978-602-366-350-7 4aFiksi Anak aNama Abu Nawas telah dikenal lebih dari seribu tahun yang lalu. Setiap mendengar namanya, tentu kita akan terbayang sosok yang cerdas, cerdik, dan jenaka. Buku ini berisi dua puluh lima cerita tentang kejenakaan Abu Nawas dalam menyelesaikan berbagai persoalan dengan cerdik dan cerdas. Cerita-cerita tersebut juga mengandung pesan moral yang patut kita teladani. Tidak hanya itu, dalam buku ini, Abu Nawas juga akan menguji kecerdasan kalian dengan teka-tekinya yang menggelitik.